| Поле | Инд. | ПП | Название | Значение |
|---|---|---|---|---|
| Тип записи | a | |||
| Библиографический уровень | b | |||
| 001 | Контрольный номер | 3c56526fc63a4675b139880fc2e92640 | ||
| 005 | Дата корректировки | 20250314124203.0 | ||
| 024 | 80 | a | Стандартный номер | 10.3103/S0027134924701042 |
| 040 | a | Служба первич. каталог. | Scopus | |
| 041 | 0_ | a | Код языка текста | eng |
| 097 | a | Костяева О.Г. | ||
| 100 | 1_ | a | Автор | Arbuzova E. V. |
| c | Титул (звания) | доцент (ученое звание); доктор физико-математических наук; профессор (должность); | ||
| i | 000091429 | |||
| g | Прочие сведения | РИНЦ AuthorID: 154244 (http://elibrary.ru/author_items.asp?authorid=154244); SPIN-код: 5150-7404 (http://elibrary.ru/author_items.asp?authorid=382599); Scopus Author ID: 35422071100 (https://www.scopus.com/authid/detail.uri?origin=resultslist&authorId=35422071100&zone=); ORCID ID: https://orcid.org/0000-0002-9652-3345 | ||
| j | Принадлежность неизвестного автора к последователям, ученикам, сторонникам, школе и т. д. | государственный университет "Дубна" | ||
| k | Кафедра высшей математики; Общеобразовательные кафедры | |||
| q | Полное имя | Арбузова Елена Владимировна | ||
| u | Дополнение | Арбузова Е. В.; Arbuzova Elena V. | ||
| 245 | 10 | a | Заглавие | High Frequency Curvature Oscillations at Gravitational Baryogenesis and UHECR Emission |
| 513 | a | передано и. о. проректора по научной работе и инновациям | ||
| b | 14.03.2025 | |||
| 773 | 18 | t | Название источника | Moscow University Physics Bulletin |
| b | Сведения об издании | Allerton Press | ||
| c | Russia | |||
| x | ISSN | 0027-1349 | ||
| d | Место и дата издания | 2024 | ||
| m | Специф. данные | входит в Белый список; входит в Scopus; входит в ядро РИНЦ; ненулевой импакт-фактор | ||
| q | У3 Белый список; Q4 Scopus 2023 | |||
| n | Примечание | Вестник Московского университета. Серия 3: Физика. Астрономия | ||
| w | Контрольный № источника | 978e978de6d7415482a3ccfa19ef6bdb | ||
| g | Прочая информация | V. 79(Suppl 1). - P. 349–355 | ||
| 901 | t | Тип документа | b | |
| 952 | c | Вид литературы | статья в журнале |